000 00817cem a2200217 4500
999 _c3202
_d3202
003 OSt
005 20210901085358.0
008 760128m19741978enk e eng
020 _a0140510540 (v. 1) :
040 _cDLC
050 0 0 _aG1030
_b.K5 M4 1974
100 1 _aKinder, Hermann,
_d1920-1968.
245 1 4 _aThe Penguin atlas of world history /
_cHermann Kinder and Werner Hilgemann ; translated by Ernest A. Menze ; with maps designed by Harald and Ruth Bukor.
260 _aHarmondsworth, Eng. :
_bPenguin Books,
_c1974-1978.
300 _a2 v. :
_bcol. ill., col. maps ;
_c18 cm.
500 _aTranslation of DTV-Atlas zur Weltgeschichte.
650 0 _aHistorical geography
_xMaps.
700 1 _aHilgemann, Werner,
_ejoint author.
906 _a7
_bcbc
_corignew
_d2
_encip
_f19
_gy-geogmaps
942 _2lcc
_cBK
_nSO